书目信息 |
| 题名: |
中国信息化与工业化融合发展水平评估蓝皮书
|
|
| 作者: | 卢山 主编 ;中国电子信息产业发展研究院 编著 | |
| 分册: | 2017年 | |
| 出版信息: | 北京 人民出版社 2019.3 |
|
| 页数: | 386页 | |
| 开本: | 24cm | |
| 丛书名: | ||
| 单 册: | ||
| 中图分类: | G202 , F424 | |
| 科图分类: | ||
| 主题词: | 信息化--xin xi hua--经济发展水平--白皮书--中国--2017 , 工业化--gong ye hua--经济发展水平--白皮书--中国--2017 | |
| 电子资源: | ||
| ISBN: | 978-7-01-020564-9 | |
| 000 | 01397nam0 2200289 450 | |
| 001 | 2159533602 | |
| 005 | 20211012165529.17 | |
| 010 | @a978-7-01-020564-9@dCNY100.00 | |
| 100 | @a20190731d2019 em y0chiy50 ea | |
| 101 | 0 | @achi |
| 102 | @aCN@b110000 | |
| 105 | @ay z 000yy | |
| 106 | @ar | |
| 200 | 1 | @a中国信息化与工业化融合发展水平评估蓝皮书@Azhong guo xin xi hua yu gong ye hua rong he fa zhan shui ping ping gu lan pi shu@h2017年@dThe blue book on the integration of informationization and industrialization in China@h2017@f卢山主编@g中国电子信息产业发展研究院编著@zeng |
| 210 | @a北京@c人民出版社@d2019.3 | |
| 215 | @a386页@d24cm | |
| 300 | @a2017-2018年中国工业和信息化发展系列蓝皮书 | |
| 330 | @a本书共三十四章,主要内容包括:信息化与工业化融合指标体系;区域两化融合发展水平总体分析;北京市两化融合发展水平分析;天津市两化融合发展水平分析;河北省两化融合发展水平分析等。 | |
| 510 | 1 | @aThe blue book on the integration of informationization and industrialization in China@h2017@zeng |
| 606 | 0 | @a信息化@Axin xi hua@x经济发展水平@x白皮书@y中国@z2017 |
| 606 | 0 | @a工业化@Agong ye hua@x经济发展水平@x白皮书@y中国@z2017 |
| 690 | @aG202@v5 | |
| 690 | @aF424@v5 | |
| 701 | 0 | @a卢山@Alu shan@4主编 |
| 712 | 02 | @a中国电子信息产业发展研究院@Azhong guo dian zi xin xi chan ye fa zhan yan jiu yuan@4编著 |
| 801 | 0 | @aCN@b百万庄@c20211009 |
| 905 | @b1308288-291@dG202@e1023(2017)@f4 | |
| 中国信息化与工业化融合发展水平评估蓝皮书.2017年=The blue book on the integration of informationization and industrialization in China.2017/卢山主编/中国电子信息产业发展研究院编著.-北京:人民出版社,2019.3 |
| 386页;24cm |
| 2017-2018年中国工业和信息化发展系列蓝皮书 |
| ISBN 978-7-01-020564-9:CNY100.00 |
| 本书共三十四章,主要内容包括:信息化与工业化融合指标体系;区域两化融合发展水平总体分析;北京市两化融合发展水平分析;天津市两化融合发展水平分析;河北省两化融合发展水平分析等。 |
| ● |
| 相关链接 |
|
|
|
|
正题名:中国信息化与工业化融合发展水平评估蓝皮书
索取号:G202/1023(2017)
 
预约/预借
| 序号 | 登录号 | 条形码 | 馆藏地/架位号 | 状态 | 备注 |
| 1 | 1308288 | 213082885 | 第一样本阅览室/ [索取号:G202/1023(2017)] | 在馆 | |
| 2 | 1308289 | 213082894 | 第四借阅区/ [索取号:G202/1023(2017)] | 在馆 | |
| 3 | 1308290 | 213082901 | 第四借阅区/ [索取号:G202/1023(2017)] | 在馆 | |
| 4 | 1308291 | 213082910 | 第四借阅区/ [索取号:G202/1023(2017)] | 在馆 |